| 000 | 00604nam a2200217 a 4500 | ||
|---|---|---|---|
| 003 | AR-BaBNM | ||
| 005 | 20251128202746.0 | ||
| 008 | 082120s2002 ||||||||||||||000 | spa|| | ||
| 040 | _cAR-BaBNM | ||
| 100 | 1 | _aRojas Lagarde, Jorge Luis | |
| 245 | 0 | 0 | _aEl malón de 1870 a Bahía Blanca y la Colonia de Sauce Grande |
| 260 |
_aBuenos Aires _bEdiciones Culturales Argentinas _c1984 |
||
| 300 |
_a223 p. _bil. |
||
| 650 | 4 | _aCONQUISTA DEL DESIERTO | |
| 650 | 4 | _aHISTORIA | |
| 650 | 4 | _aCAMPAÑA DEL DESIERTO | |
| 650 | 4 | _aABORIGENES ARGENTINOS | |
| 651 | 4 | _aArgentina | |
| 942 | _cBK | ||
| 998 | _cCARMEN | ||
| 999 |
_c439 _d439 |
||